Т. 1; Справочник по охране геологической среды

Detalles Bibliográficos
Parent link:Справочник по охране геологической среды: в 2 т./ под ред. Г. В. Войткевич. Т. 1.— , 1996
Lenguaje:ruso
Publicado: 1996
Materias:
Formato: MixedMaterials Libro
KOHA link:https://koha.lib.tpu.ru/cgi-bin/koha/opac-detail.pl?biblionumber=1568

MARC

LEADER 00000nam0a2200000 4500
001 1568
005 20231030173308.0
010 |a 5858801315 
035 |a (RuTPU)RU\TPU\book\1576 
035 |a BOOK00001578 
090 |a 1568 
100 |a 20011209d1996 km y0rusy50 ca 
101 0 |a rus 
102 |a RU 
105 |a y g 001zy 
200 0 |a Т. 1 
210 |d 1996 
215 |a 448 с. 
320 |a Библиогр.: с. 432-434 
320 |a Предм. указ.: с. 435-442 
461 |t Справочник по охране геологической среды  |o в 2 т.  |f под ред. Г. В. Войткевич  |v Т. 1  |d 1996 
610 1 |a геология 
610 1 |a окружающая среда 
610 1 |a биосфера 
610 1 |a земная кора 
610 1 |a горные породы 
610 1 |a геоэкология 
610 1 |a экология 
610 1 |a справочники 
610 1 |a охрана 
675 |a 55:502.4(03)  |v 3 
801 0 |a RU  |b 63413507  |c 20011209  |g PSBO 
801 2 |a RU  |b 63413507  |c 20170302  |g PSBO 
900 |a Теоретические основы охраны геологической среды 
942 |c BK